Select real car brands - Sudden death - Statistics

General Stats
  • This quiz has been taken 9 times
  • The average score is 6 of 8
Answers on the Grid
Answers color-coded by a green-red scale on the quiz's grid according to % correct below.
Ferarri
BYD
Sayri
Sarda
BMW
YDR
LADA
Tekko
Ford
SEAT
Toyalta
Unde Bicht
Porsche
BIL
Mazda
Supra
 
Answer Stats
Answer % Correct
BMW
100%
Ford
100%
Mazda
100%
Ferarri
88%
Porsche
75%
SEAT
75%
LADA
50%
BYD
25%
No matching quizzes found
Score Distribution
Percent of People with Each Score
Percentile by Number Answered
Your Score History
You have not taken this quiz